000 00628nam a2200241Ia 4500
003 OSt
005 20221007072748.0
006 a|||||r|||| 00| 0
007 ta
008 221006b |||||||| |||| 00| 0 eng d
024 _a26,737
037 _cTextual
040 _aFLL
_cFLL
_beng
041 _2eng
_aeng
082 _aZ3y7, H5.2
100 _aJenkins H.J.S.
_9691326
245 0 _aLeading cases in common law
250 _a3rd
260 _aLondon
_bSweet & Maxwell, Ltd. London
_c1945
300 _axii,1-403p
_ccm.
942 _hZ3y7, H5.2
_cTEXL
_2CC
999 _c1146918
_d1146918